Staying connected and beingradiant (Record no. 239729)

MARC details
000 -LEADER
fixed length control field 00379nam a2200145Ia 4500
005 - DATE AND TIME OF LATEST TRANSACTION
control field 20250729165747.0
008 - FIXED-LENGTH DATA ELEMENTS--GENERAL INFORMATION
fixed length control field 250729s2013 xx 000 0 und d
041 ## - LANGUAGE CODE
Language code of text/sound track or separate title eng
082 ## - DEWEY DECIMAL CLASSIFICATION NUMBER
Classification number 372.25 NORS
100 ## - MAIN ENTRY--PERSONAL NAME
Personal name Norber Minezes
9 (RLIN) 232331
245 ## - TITLE STATEMENT
Title Staying connected and beingradiant
260 ## - PUBLICATION, DISTRIBUTION, ETC.
Place of publication, distribution, etc. Patna
Name of publisher, distributor, etc. Prabhath Prakashan
Date of publication, distribution, etc. 2013
300 ## - PHYSICAL DESCRIPTION
Extent 96p
650 ## - SUBJECT ADDED ENTRY--TOPICAL TERM
Topical term or geographic name entry element Education
9 (RLIN) 232332
Holdings
Withdrawn status Lost status Damaged status Not for loan Home library Current library Date acquired Source of acquisition Cost, normal purchase price Total Checkouts Full call number Barcode Date last seen Cost, replacement price Price effective from Koha item type
        St Aloysius Library St Aloysius Library 07/29/2025 Management Book 85.00   372.25 NORS BED05048 07/29/2025 85.00 07/29/2025 Book